Information technology : tomorrow's advantage today
Αποθηκεύτηκε σε:
| Κύριος συγγραφέας: | |
|---|---|
| Άλλοι συγγραφείς: | |
| Μορφή: | Βιβλίο |
| Γλώσσα: | English |
| Δημοσίευση: |
New York :
McGraw Hill,
c1996
|
| Θέματα: | |
| Ετικέτες: |
Προσθήκη ετικέτας
Δεν υπάρχουν, Καταχωρήστε ετικέτα πρώτοι!
|
MARC
| LEADER | 00000nam a2200000 i 4500 | ||
|---|---|---|---|
| 001 | 1/69330 | ||
| 008 | 981102s1996 eng d | ||
| 020 | |a 0-07-025447-8 | ||
| 035 | |l 10030357 | ||
| 040 | |a GR-MY-UA |b gre |e aacr | ||
| 041 | 0 | |a eng | |
| 082 | 0 | |a 658.05 | |
| 100 | 1 | |a Haag, Stephen. | |
| 245 | 1 | 0 | |a Information technology : |b tomorrow's advantage today / |c Stephen Haag; Peter Keen |
| 260 | |a New York : |b McGraw Hill, |c c1996 | ||
| 300 | |a xxi, 332 p. |b fig.; tabl. | ||
| 504 | |a Includes bibliographical references and index | ||
| 650 | 0 | 0 | |a Computers. |
| 650 | 0 | 0 | |a Information technology. |
| 700 | 1 | |a Keen, Peter G.W. | |
| 852 | |a INST |b LESVOS |e 19981102 |h 658.05 HAA |p 005100018067 |q 005100018067 |t BK |y 0 | ||
| 901 | |a BIBL1-1998-3 | ||
| 909 | |a Λ |b 059949 | ||
| 922 | |a 1ΕΛΗ |b 199810 |c ΚΠΣ/ΤΓ |d ΠΑΠΑΣΩΤΗΡΙΟΥ | ||
| 950 | |a 118-1998-07-18 | ||
| 970 | |z 2000/05/ΟΙΚΟΝΟΜΟΠΟΥΛΟΥ ΧΡΙΣΤΙΝΑ | ||